000 01020nam a22003018i 4500
001 021279029
003 EG-ScBUE
005 20260210092710.0
008 250312s2025 enka f b 001 0 eng d
020 _a9781032731575
040 _aStDuBDS
_beng
_erda
_cStDuBDS
_dEG-ScBUE
082 0 4 _a791.430233
_222
_bLEA
100 1 _aLeandro, Tim,
_eauthor.
245 1 4 _aThe art of directing :
_bmaking magic in film and television /
_cTim Leandro.
264 1 _aLondon :
_bRoutledge,
_c2025.
300 _a174 pages :
_billustrations (black and white) ;
_c24 cm
336 _atext
_2rdacontent
_btxt
336 _astill image
_2rdacontent
_btxt
337 _aunmediated
_2rdamedia
_bn
338 _avolume
_2rdacarrier
_bnc
504 _aIncludes bibliographical references and index.
650 7 _aTelevision
_xProduction and direction.
_2BUEsh
650 7 _aMotion pictures
_xProduction and direction.
_2BUEsh
653 _cFebruary2026
_bCOMAME
655 _vReading book
942 _2ddc
_cBB
999 _c31097
_d31068